| Tag |
First Indicator |
Second Indicator |
Subfields |
| LEADER |
00000cam a2200000Ii 4500 |
| 001 |
in00003710888 |
| 005 |
20201012131403.0 |
| 008 |
160116t20162016enk 000 1 eng d |
| 035 |
|
|
|a (OCoLC)ocn935194151
|
| 040 |
|
|
|a BWK
|e rda
|c BWK
|d BDX
|d HQD
|d ORX
|d JSE
|d NLE
|d YDX
|d CZA
|d YVR
|d IGA
|d CUY
|
| 020 |
|
|
|a 9781632865380
|
| 020 |
|
|
|a 1632865386
|
| 020 |
|
|
|a 1408868423
|
| 020 |
|
|
|a 9781408868423
|
| 020 |
|
|
|a 9781408868430
|
| 020 |
|
|
|a 1408868431
|
| 020 |
|
|
|z 9781408868447
|q (ePub)
|
| 043 |
|
|
|a e-fr---
|
| 050 |
|
4 |
|a PR6111.I538
|b E94 2016
|
| 082 |
0 |
|
|a 813/.6
|2 23
|
| 049 |
|
|
|a TXAM
|
| 100 |
1 |
|
|a King, Claire,
|d 1972-
|e author.
|
| 245 |
1 |
0 |
|a Everything love is /
|c Claire King.
|
| 250 |
|
|
|a First edition.
|
| 264 |
|
1 |
|a London ;
|a New York :
|b Bloomsbury,
|c [2016].
|
| 264 |
|
4 |
|c ©2016.
|
| 300 |
|
|
|a 377 pages ;
|c 22 cm.
|
| 336 |
|
|
|a text
|b txt
|2 rdacontent
|
| 337 |
|
|
|a unmediated
|b n
|2 rdamedia
|
| 338 |
|
|
|a volume
|b nc
|2 rdacarrier
|
| 520 |
|
|
|a Baptiste Molino has devoted his life to other people's happiness. Moored on his houseboat on the edge of Toulouse, he helps his clients navigate the waters of contentment, yet remains careful never to make waves of his own. Baptiste is more concerned with his past than his future, particularly the mysterious circumstances of his birth and the identity of his birth mother. But Sophie, the young waitress in his local bar, believes it is time for Baptiste to rediscover passion and leads him into the world on his doorstep he has long tried to avoid. However, it is Baptiste's new client who may end up being the one to change his perspective. Elegant and enigmatic, Amandine Rousseau is fast becoming a puzzle he longs to solve. As tensions rise on the streets of the city, Baptiste's determination to avoid both the highs and lows of love begins to waver.
|
| 650 |
|
0 |
|a Interpersonal relations
|v Fiction.
|
| 650 |
|
0 |
|a Happiness
|v Fiction.
|
| 650 |
|
0 |
|a Mothers and sons
|v Fiction.
|
| 650 |
|
0 |
|a Family secrets
|v Fiction.
|
| 650 |
|
0 |
|a Man-woman relationships
|v Fiction.
|
| 651 |
|
0 |
|a Toulouse (France)
|v Fiction.
|
| 650 |
|
7 |
|a FICTION
|x Contemporary Women.
|2 bisacsh
|
| 650 |
|
7 |
|a FICTION
|x Literary.
|2 bisacsh
|
| 650 |
|
7 |
|a FICTION
|x Medical.
|2 bisacsh
|
| 650 |
|
7 |
|a FICTION
|x Romance
|x Contemporary.
|2 bisacsh
|
| 945 |
|
|
|b 935043
|
| 947 |
|
|
|a A14850011090
|
| 948 |
|
|
|a cataloged
|b h
|c 2020/10/12
|d c
|e dmitchel
|f 1:10:20 pm
|
| 994 |
|
|
|a C0
|b TXA
|
| 999 |
f |
f |
|s e4dae385-5dbb-3802-9688-5e745c6d2be7
|i 5a1e02b8-52a7-39be-b3d3-e2742336f99c
|t 0
|
| 952 |
f |
f |
|p normal
|a Texas A&M University
|b College Station
|c Sterling C. Evans Library
|d Evans: Library Stacks
|t 0
|e PR6111.I538 E94 2016
|h Library of Congress classification
|i unmediated -- volume
|m A14850011090
|
| 998 |
f |
f |
|a PR6111.I538 E94 2016
|t 0
|l Evans: Library Stacks
|